Statistics for Whip It Movie Quiz

Click here to take the quiz!

General Stats

  • This quiz has been taken 18 times
  • The average score is 9 of 15

Answer Stats

HintAnswer% Correct
How old is she actually in the duration of the film?17
100%
How old does Bliss claim to be?22
100%
What colour is Bliss' hair is the first scene of the film?Blue
100%
What Stage name does Bliss take?Babe Ruthless
71%
Who portrays Smashley Simpson?Drew Barrymore
71%
And what team does she play for?Hurl Scouts
64%
Pash ends up with whom (hint, its his nickname)?Birdman
50%
Where do the roller-derbys take place?Austin
43%
Which popular comedian played 'Hot-Tub' Johnny?Jimmy Fallon
43%
Who is her love interest throughout the film?Oliver
43%
What is Bliss' family name?Cavendar
36%
Which team wins the championship?Holy Rollers
36%
What do the Hurl Scouts chant after losing a game?We're Number Two
36%
Which role does Juliette Lewis play?Iron Maven
29%
What is the name of the Cafe where Bliss works?Oink Joint
29%

Score Distribution

Percentile by Number Answered

Percent of People with Each Score

Your Score History

You have not taken this quiz